MARC details
| 000 -CABECERA |
| campo de control de longitud fija |
01551nam a2200337 a 4500 |
| 001 - NÚMERO DE CONTROL |
| campo de control |
000008765 |
| 005 - FECHA Y HORA DE LA ÚLTIMA TRANSACCIÓN |
| campo de control |
20241018141415.0 |
| 008 - DATOS DE LONGITUD FIJA--INFORMACIÓN GENERAL |
| campo de control de longitud fija |
090918s2001 dr 001 e spa d |
| 020 ## - NÚMERO INTERNACIONAL ESTÁNDAR DEL LIBRO |
| Número Internacional Estándar del Libro |
9993454079 |
| 040 ## - FUENTE DE LA CATALOGACIÓN |
| Centro catalogador/agencia de origen |
DO-SdBNP |
| Lengua de catalogación |
spa |
| Centro/agencia transcriptor |
BNPHU |
| 082 ## - NÚMERO DE LA CLASIFICACIÓN DECIMAL DEWEY |
| Número de clasificación |
RD864.44 |
| Número de documento/Ítem |
R918u |
| 049 ## - FONDOS LOCALES (OCLC) |
| Fondos de biblioteca |
BNPD |
| 100 1# - ENTRADA PRINCIPAL--NOMBRE DE PERSONA |
| Nombre de persona |
Rueda, Manuel, |
| Fechas asociadas al nombre |
1921-1999 |
| 9 (RLIN) |
22834 |
| 245 14 - MENCIÓN DE TÍTULO |
| Título |
Una voz : |
| Resto del título |
temas literarios / |
| Mención de responsabilidad, etc. |
Manuel Rueda ; selección y notas Andrés Blanco Díaz ; prólogo Jacinto Gimbernard Pellerano. |
| 260 ## - PUBLICACIÓN, DISTRIBUCIÓN, ETC. |
| Lugar de publicación, distribución, etc. |
Santo Domingo : |
| Nombre del editor, distribuidor, etc. |
Corripio, |
| Fecha de publicación, distribución, etc. |
2001. |
| 300 ## - DESCRIPCIÓN FÍSICA |
| Extensión |
572 p. ; |
| Dimensiones |
23 cm. |
| 490 1# - MENCIÓN DE SERIE |
| Mención de serie |
Prisma |
| Designación de volumen o secuencia |
6 y 7 |
| 505 0# - NOTA DE CONTENIDO CON FORMATO |
| Información miscelánea |
v.1: Temas literarios: |
| Título |
Acerca de una voz / |
| Mención de responsabilidad |
Jacinto Gimbernard Pellerano -- |
| Título |
Crítica, ensayo, semblanzas -- |
| -- |
Folklore literario -- |
| -- |
Teatro. |
| Información miscelánea |
v.2: Temas musicales y diversos: |
| Título |
Temas musicales -- |
| -- |
Sobre personajes del ambiente musical -- |
| -- |
Temas diversos. |
| 650 #0 - PUNTO DE ACCESO ADICIONAL DE MATERIA--TÉRMINO DE MATERIA |
| Término de materia o nombre geográfico como elemento de entrada |
Ensayos dominicanos |
| 9 (RLIN) |
65 |
| 650 #0 - PUNTO DE ACCESO ADICIONAL DE MATERIA--TÉRMINO DE MATERIA |
| Término de materia o nombre geográfico como elemento de entrada |
Literatura dominicana. |
| 9 (RLIN) |
67 |
| 650 #4 - PUNTO DE ACCESO ADICIONAL DE MATERIA--TÉRMINO DE MATERIA |
| Término de materia o nombre geográfico como elemento de entrada |
Música dominicana |
| Subdivisión general |
Ensayos, conferencias, etc. |
| 9 (RLIN) |
23300 |
| 650 #4 - PUNTO DE ACCESO ADICIONAL DE MATERIA--TÉRMINO DE MATERIA |
| Término de materia o nombre geográfico como elemento de entrada |
Cultura popular en la literatura |
| 9 (RLIN) |
12596 |
| 650 #0 - PUNTO DE ACCESO ADICIONAL DE MATERIA--TÉRMINO DE MATERIA |
| Término de materia o nombre geográfico como elemento de entrada |
Vida cultural |
| Subdivisión geográfica |
República Dominicana |
| 9 (RLIN) |
23301 |
| 650 #4 - PUNTO DE ACCESO ADICIONAL DE MATERIA--TÉRMINO DE MATERIA |
| Término de materia o nombre geográfico como elemento de entrada |
Música dominicana |
| Subdivisión general |
Ensayos, conferencias, etc. |
| 9 (RLIN) |
23300 |
| 650 #4 - PUNTO DE ACCESO ADICIONAL DE MATERIA--TÉRMINO DE MATERIA |
| Término de materia o nombre geográfico como elemento de entrada |
Literatura hispanoamericana |
| Subdivisión cronológica |
SIGLO XX |
| Subdivisión general |
Historia y crítica |
| 9 (RLIN) |
23302 |
| 650 #4 - PUNTO DE ACCESO ADICIONAL DE MATERIA--TÉRMINO DE MATERIA |
| Término de materia o nombre geográfico como elemento de entrada |
Literatura española |
| Subdivisión cronológica |
SIGLO XX |
| Subdivisión general |
Historia y crítica |
| 9 (RLIN) |
3061 |
| 700 1# - PUNTO DE ACCESO ADICIONAL--NOMBRE DE PERSONA |
| Nombre de persona |
Blanco Díaz, Andrés |
| Término indicativo de función/relación |
sel. |
| 9 (RLIN) |
172 |
| 700 1# - PUNTO DE ACCESO ADICIONAL--NOMBRE DE PERSONA |
| Nombre de persona |
Gimbernard Pellerano, Jacinto, |
| Fechas asociadas al nombre |
1931- |
| Término indicativo de función/relación |
pról. |
| 9 (RLIN) |
23303 |
| 830 #0 - PUNTO DE ACCESO ADICIONAL DE SERIE-TÍTULO UNIFORME |
| Título uniforme |
Prisma |
| Número de parte o sección de la obra |
6 y 7 |
| 9 (RLIN) |
23304 |
| 910 ## - DATOS DE OPCIÓN DEL USUARIO (OCLC) |
| Datos de opción del usuario |
Validado. Control de calidad EMS |